MARC

LEADER 00000nam0a2200000 4500
001 296692
005 20231102000930.0
035 |a (RuTPU)RU\TPU\book\321800 
090 |a 296692 
100 |a 20150602d1984 m y0rusy50 ca 
101 0 |a rus 
102 |a RU 
105 |a a j 001zy 
200 1 |a Проблемы анализа материалоемкости продукции на предприятиях и в объединениях  |e учебное пособие  |f Л. В. Переверзева  |g Ленинградский финансово-экономический институт им. Н. А. Вознесенского (ЛФЭИ) 
210 |a Ленинград  |c Изд-во ЛФЭИ  |d 1984 
215 |a 32 с.  |c ил. 
320 |a Библиография в ссылках. 
606 1 |a Промышленные предприятия  |x Технический уровень  |x Статистические методы изучения  |2 stltpush  |3 (RuTPU)RU\TPU\subj\52693  |9 71097 
610 1 |a материалоемкость 
610 1 |a анализ 
610 1 |a материальные затраты 
610 1 |a товарная продукция 
610 1 |a показатели 
610 1 |a нормы времени 
610 1 |a расходы 
610 1 |a учебные пособия 
675 |a 658.27(075.8)  |v 4 
700 1 |a Переверзева  |b Л. В.  |g Людмила Васильевна 
712 0 2 |a Ленинградский финансово-экономический институт им. Н. А. Вознесенского (ЛФЭИ)  |c (1930-1991)  |2 stltpush  |3 (RuTPU)RU\TPU\col\5601 
801 1 |a RU  |b 63413507  |c 20150602 
801 2 |a RU  |b 63413507  |c 20181113  |g RCR 
942 |c BK